| 000 | 00949nam a2200241 a 4500 | ||
|---|---|---|---|
| 001 | 48526 | ||
| 003 | BD-RjUL | ||
| 005 | 20211209054535.0 | ||
| 008 | 160814s1971 bg ||||| |||| 00| f ben d | ||
| 020 | _c: Tk. 3.50 | ||
| 035 | _a(BD-RjUL) 48645 | ||
| 040 |
_aBD-RjUL _bben _cBD-RjUL |
||
| 041 | _aben | ||
| 082 |
_223 _a813 _bFIG 1971 |
||
| 100 | 1 |
_aফিটপিরাল্ড, এফ. স্কট. _9146678 |
|
| 245 | 1 | 0 |
_aগ্রেট গ্যাটসবি / _cএফ. স্কট. ফিটপিরাল্ড ; কবীর চৌধুরী, অনুবাদক |
| 260 |
_aঢাকা : _bব্রাইট বুক হাউস, _c১৯৭১ |
||
| 300 |
_a[৫], ২০৫ পৃ. ; _c২১ সেমি. |
||
| 650 |
_aআমেরিকান উপন্যাস _9146679 |
||
| 650 |
_aAmerican Fiction _9146680 |
||
| 700 |
_aচৌধুরী, কবীর, অনুবাদক _9123922 |
||
| 942 |
_2ddc _cBK |
||
| 999 |
_c48526 _d48526 |
||